00751nam a22002057a 4500003000400000020001800004082001600022245013000038260006100168300001000229546001200239650003400251650003500285650003300320650002100353650002200374942001200396999001900408952011800427OSt a9788171641550 a630bIND/AG aAgricultural technologies commercialized technologies/ready for commercialization technologies:bnatural resource management  aNew DelhibIndian Council of Agricultural Researchc2014 a110p. aEnglish aSoil and Nutrient management  aCrop management farming system aSoil and water conservation  aWeed management  aWater management  2ddccBK c160082d160082 00102ddc40708GenaKAUCLVbKAUCLVcGENERALd2018-04-21g350.00l0o630 IND/AGp227939r2018-04-21 00:00:00yBK